Shellin huoltoasemat - Statistics

Yleistilastot
  • Tätä visaa on pelattu 38 kertaa
  • Keskiarvotulos 18 / 37
Vastaustilastot
Maakunta Asema % Oikein
Uusimaa Espoo Lahnus
84%
Uusimaa Espoo Vallikallio
84%
Uusimaa Helsinki Pukinmäki
84%
Varsinais-Suomi Turku Oriketo
84%
Lappi Rovaniemi Napapiiri
80%
Lappi Rovaniemi Teollisuustie
80%
Uusimaa Vantaa Ruskeasanta
80%
Satakunta Pori Noormarkku
76%
Etelä-Savo Savonlinna Miekkoniemi
64%
Kanta-Häme Hämeenlinna Iittala
56%
Pohjois-Pohjanmaa Ii
56%
Keski-Suomi Jämsä
56%
Keski-Suomi Äänekoski Hirvaskangas
52%
Keski-Pohjanmaa Kokkola Vitsari
52%
Pohjois-Savo Siilinjärvi
52%
Pohjois-Pohjanmaa Kempele Zeppelin
48%
Keski-Suomi Laukaa Lievestuore
48%
Varsinais-Suomi Salo Halikko
48%
Pirkanmaa Kangasala Ruutana
44%
Etelä-Pohjanmaa Lapua Tamppari
44%
Pirkanmaa Orivesi
44%
Pohjois-Karjala Liperi Ylämylly
40%
Varsinais-Suomi Lieto
36%
Keski-Suomi Muurame
36%
Uusimaa Raasepori Karjaa
36%
Pirkanmaa Ylöjärvi
36%
Pohjois-Pohjanmaa Kalajoki
32%
Varsinais-Suomi Laitila
32%
Keski-Suomi Pihtipudas
32%
Uusimaa Porvoo Kuninkaanportti
32%
Pirkanmaa Parkano
28%
Satakunta Kankaanpää
24%
Varsinais-Suomi St1 Naantali Alppilankatu
24%
Uusimaa Karkkila
20%
Varsinais-Suomi Aura
16%
Keski-Suomi Kyyjärvi
16%
Uusimaa Mäntsälä P
12%
Ehtoja vastaavia visoja ei löytynyt
Tulosjakauma
Jokaisen tuloksen saaneiden osuus
Persentiili vastausten määrän mukaan
Tuloshistoriasi
Et ole pelannut tätä visaa